Korózna odolnosť binárnej zliatiny Sn-Zn

Saved in:
Bibliographic Details
Main Author: Paták, Jozef (Author)
Other Authors: Gerhátová, Žaneta (Thesis advisor)
Format: Manuscript Book
Language:Slovak
Published: 2020
Subjects:
Online Access:http://is.stuba.sk/zp/portal_zp.pl?podrobnosti=151378
Tags: Add Tag
No Tags, Be the first to tag this record!

MARC

LEADER 00000ntm a22000003a 4500
001 stuzp78553
003 SK-STU
005 20200704212206.5
007 ta
008 150427s2015----xo-----f-mn---000-0-slo-d
040 |a STU  |b slo 
041 0 |a slo 
100 1 |a Paták, Jozef  |u 061000  |k Z4  |4 aut  |U MTF Materiálovotechnologická fakulta  |T MTF Ústav materiálov  |X 80379  |U M1000  |Y 81  |7 80379 
242 0 1 |a Corrosion resistance of binary alloy Sn-Zn  |y eng 
245 1 0 |a Korózna odolnosť binárnej zliatiny Sn-Zn 
260 |c 2020 
650 4 |a binárna zliatina Sn-Zn  |2 slo 
650 4 |a zinok  |2 slo 
650 4 |a cín  |2 slo 
650 4 |a potenciodynamická korózna skúška  |2 slo 
650 4 |a zliatina  |2 slo 
650 4 |a tin  |2 eng 
650 4 |a zinc  |2 eng 
650 4 |a binary Sn-Zn alloy system  |2 eng 
650 4 |a potentiodynamic methods  |2 eng 
650 4 |a alloy  |2 eng 
700 1 |a Gerhátová, Žaneta  |u 061000  |k Z1  |4 ths  |U MTF Materiálovotechnologická fakulta  |T MTF Ústav materiálov  |X 88275  |U M1000  |Y 81  |7 88275 
856 4 |u http://is.stuba.sk/zp/portal_zp.pl?podrobnosti=151378 
996 |c M* DP-14373  |l MMSKP  |s P  |a 0  |w stuzp78553_0001